Normal view
MARC view
Entry Personal Name
001 - CONTROL NUMBER
- control field: 1118184
003 - CONTROL NUMBER IDENTIFIER
- control field: OSt
005 - DATE AND TIME OF LATEST TRANSACTION
- control field: 20260302114236.0
008 - FIXED-LENGTH DATA ELEMENTS
- fixed length control field: 260302|| aca||aabn | a|a d
040 ## - CATALOGING SOURCE
- Original cataloging agency: OSt
- Transcribing agency: OSt
100 ## - HEADING--PERSONAL NAME
- Personal name: Martin Heidegger, Karl Löwith
670 ## - SOURCE DATA FOUND
- Source citation: Work cat.: (OSt)1681846: Martin Heidegger, Karl Löwith, Correspondence: 1919–1973
